Central Library OPAC University of Rajshahi

একাত্তরের আঙ্গিনায় : (Record no. 48079)

MARC details
000 -LEADER
fixed length control field 00922nam a2200229 a 4500
001 - CONTROL NUMBER
control field 48079
003 - CONTROL NUMBER IDENTIFIER
rucl marc code BD-RjUL
005 - DATE AND TIME OF LATEST TRANSACTION
control field 20211209054445.0
008 - FIXED-LENGTH DATA ELEMENTS--GENERAL INFORMATION
fixed length control field 160811s2010 bg ||||| |||| 00| f ben d
020 ## - INTERNATIONAL STANDARD BOOK NUMBER
International Standard Book Number 9789843308405
Terms of availability : Tk. 200.00
035 ## - SYSTEM CONTROL NUMBER
System control number (BD-RjUL)48198
040 ## - CATALOGING SOURCE
Original cataloging agency BD-RjUL
Language of cataloging ben
Transcribing agency BD-RjUL
041 ## - LANGUAGE CODE
Language code of text/sound track or separate title ben
082 ## - DEWEY DECIMAL CLASSIFICATION NUMBER
Edition number 23
Classification number 891.44308
Author mark and year EKA 2010
245 00 - TITLE STATEMENT
Title একাত্তরের আঙ্গিনায় :
Remainder of title গল্প সংকলন /
Statement of responsibility, etc. সম্পাদক রাশেদা খালেক
260 ## - PUBLICATION, DISTRIBUTION, ETC. (IMPRINT)
Place of publication, distribution, etc. রাজশাহী :
Name of publisher, distributor, etc. বাংলাদেশ লেখিকা সংঘ,
Date of publication, distribution, etc. ২০১০
300 ## - PHYSICAL DESCRIPTION
Pagination ১৪৪ পৃ. ;
Size ২১ সেমি
650 ## - SUBJECT ADDED ENTRY--TOPICAL TERM
Topical term or geographic name as entry element বাংলা উপন্যাস
General subdivision সংগ্রহ
9 (RLIN) 124121
Topical term or geographic name as entry element Bengali Fiction
General subdivision Collection
9 (RLIN) 124122
700 ## - ADDED ENTRY--PERSONAL NAME
Personal name খালেক, রাশেদা, সম্পাদক
942 ## - ADDED ENTRY ELEMENTS (KOHA)
Source of classification or shelving scheme Dewey Decimal Classification
Koha item type Books
Holdings
Lost status Source of classification or shelving scheme Damaged status Not for loan Collection code Permanent Location Current Location Shelving location Date acquired Source of acquisition Cost, normal purchase price Total Checkouts Full call number Date last seen Copy number Koha item type Date checked out
  Dewey Decimal Classification     Fiction Central Library, University of Rajshahi Central Library, University of Rajshahi   28/09/2010 Rasheda Khaleq 200.00   B 891.44308 EKA 2010 11/08/2016 C-2 Books  
  Dewey Decimal Classification     Non-fiction Central Library, University of Rajshahi Central Library, University of Rajshahi   28/09/2010 Rasheda Khalek, rajshahi 200.00 1 B 891.44308 EKA 2010 24/08/2017 C-3 Books 08/08/2017
  Dewey Decimal Classification   Not For Loan Fiction Central Library, University of Rajshahi Central Library, University of Rajshahi Reading Room 28/09/2010 Rasheda Khalek, rajshahi 200.00   B 891.44308 EKA 2010 31/01/2017 C-1 Books